[Event "C.to Italiano di Categoria B"]
[Site "Civitanova Marche ITA"]
[Date "2012.07.22"]
[Round "8"]
[White "Rinaudo, Sergio"]
[Black "Coronel, Joshua"]
[WhiteElo "2154"]
[BlackElo "1799"]
[Result "0-1"]
[PlyCount "60"]
[EventDate "2012.07.15"]

1. d4 e6 2. Nf3 f5 3. g3 Nf6 4. Bg2 Nc6 5. O-O Be7 6. c4 d6 7. Nc3 O-O 8. d5
exd5 9. Nxd5 Nxd5 10. Qxd5+ Kh8 11. Bf4 Bf6 12. Qd2 Qe7 13. Rfe1 Be6 14. Rac1
Ne5 15. Qb4 a5 16. Qa4 c6 17. e4 Nxf3+ 18. Bxf3 fxe4 19. Rxe4 Qf7 20. Rce1 Bxc4
21. Bxd6 b5 22. Qa3 Rfd8 23. Bc5 Rd3 24. Qxa5 Rxa5 25. Re8+ Qxe8 26. Rxe8+ Bg8
27. Bxc6 Rxa2 28. Bxb5 Ra1+ 29. Kg2 Rd8 30. Re2 Ra5 0-1

[Event "C.to Italiano di Categoria B"]
[Site "Civitanova Marche ITA"]
[Date "2012.07.22"]
[Round "8"]
[White "Santeramo, Domenico"]
[Black "Iori, Massimiliano"]
[WhiteElo "2042"]
[BlackElo "1962"]
[Result "1-0"]
[PlyCount "87"]
[EventDate "2012.07.15"]

1. e4 e5 2. Nf3 Nf6 3. Nc3 Bb4 4. a3 Bxc3 5. dxc3 d6 6. Bc4 O-O 7. Qe2 Qe7 8.
Bg5 Be6 9. O-O-O Bxc4 10. Qxc4 Nc6 11. Rhe1 Qe6 12. Qe2 Nd7 13. Nh4 f6 14. Be3
Ne7 15. g4 Nb6 16. Nf5 Nd7 17. Rg1 b6 18. Nxe7+ Qxe7 19. Qc4+ Qf7 20. Qxc7 Rfc8
21. Qxd6 Nf8 22. Qd5 Ne6 23. Qd7 Rd8 24. Qxf7+ Kxf7 25. Rxd8 Rxd8 26. Rd1 Rxd1+
27. Kxd1 Ke7 28. Kd2 Kd6 29. Kd3 Kc6 30. Kc4 g5 31. f3 a6 32. a4 Nf8 33. b4 b5+
34. axb5+ axb5+ 35. Kb3 Ng6 36. Bf2 Ne7 37. c4 Nc8 38. cxb5+ Kxb5 39. c4+ Kc6
40. b5+ Kb7 41. c5 Kc7 42. Kc4 Ne7 43. c6 Nc8 44. Kd5 1-0

[Event "C.to Italiano di Categoria B"]
[Site "Civitanova Marche ITA"]
[Date "2012.07.22"]
[Round "8"]
[White "Spornberger, Andre"]
[Black "Panella, Fiammetta"]
[WhiteElo "1982"]
[BlackElo "2043"]
[Result "1/2-1/2"]
[PlyCount "100"]
[EventDate "2012.07.15"]

1. e4 c5 2. c3 Nf6 3. e5 Nd5 4. d4 cxd4 5. cxd4 e6 6. Nf3 d6 7. Bc4 Nc6 8. O-O
Be7 9. Qe2 O-O 10. Qe4 Ndb4 11. Bb3 dxe5 12. dxe5 Qd3 13. Re1 Qxe4 14. Rxe4 Nd3
15. Nc3 Nc5 16. Re2 Nxb3 17. axb3 b6 18. Be3 Bb7 19. Rd2 Rfd8 20. Rad1 Rxd2 21.
Rxd2 Rd8 22. Rxd8+ Nxd8 23. Nd4 Nc6 24. Nxc6 Bxc6 25. f3 Kf8 26. Kf2 Ke8 27.
Ke2 Kd7 28. Kd3 Bd8 29. Bd4 Bc7 30. Ne4 Bxe4+ 31. fxe4 Kc6 32. Kc4 Bd8 33. b4
a6 34. Bc3 Bg5 35. h3 Bf4 36. b3 Be3 37. Be1 Bf4 38. Bc3 Bg5 39. Be1 h5 40. g3
Be3 41. g4 hxg4 42. hxg4 Bf4 43. Bc3 Be3 44. Be1 b5+ 45. Kd3 Bb6 46. Bd2 Kd7
47. Bc3 Ke7 48. Ke2 Kd7 49. Kd3 Ke7 50. Ke2 Kd7 1/2-1/2